Échelle de Mohs (dans l'ordre) - Statistiques

Statistiques générales
  • Ce quiz a été pris 213 fois
  • Le résultat moyen est 6 sur 10
Statistiques - réponses
Numéro sur l'échelle Réponse Points de repères % Correct
10 Diamant
91%
1 Talc
78%
7 Quartz Raye le verre
66%
2 Gypse Rayable avec l'ongle
62%
3 Calcite
58%
9 Corindon
55%
8 Topaze
50%
5 Apatite Rayable au couteau
47%
6 Orthose
42%
4 Fluorine
39%
Aucun quiz correspondant
Distribution des résultats
% des personnes avec chaque résultat
Percentile par nombre de réponses
Votre historique - résultats
Vous n’avez pas pris ce quiz